000
00201 a2200097 4500
001
10640
100
_a
Wilkes, L
245
_a
Tech yourself to tech.
260
_a
_b
E U Press
_c
090
_c
8241
_d
8241
942
_a
NUST-CAE
_c
M
_c
34980
999
_c
245713
_d
245713